000 00317nam a22001337a 4500
008 181029b xxu||||| |||| 00| 0 eng d
020 _a9781319019136
041 _aeng
080 _a370
100 _a48
101 _aEDU
245 _aTeaching With How Write Anything With Reading
_cJohn R
942 _2udc
_cBK
999 _c50968
_d50968